000 00774nam a2200241 i 4500
001 000021564
003 DO-SdBNP
005 20241022153858.0
007 ta
008 100909s1983 dr 000 0 spa d
040 _aDO-SdBNP
_bspa
_cBNPHU
_erda
082 4 _axxx
_bC744d
_222
100 1 _aConcepción, J. Agustín,
_eautor
_4aut.
_922539
245 1 0 _aDos tragedias y una falsedad /
_cJ. Agustín Concepción.
264 4 _aLa Vega, República Dominicana :
_bEditora Nivar,
_c1983.
300 _a106 páginas
_c21 cm.
336 _atexto
_btxt
_2rdacontent
337 _asin mediación
_bn
_2rdamedia
338 _avolumen
_bnc
_2rdacarrier
590 _aLa biblioteca posee 2 ejemplares autografiado por el autor
590 _aInventariado, 2023/BT
942 _2ddc
_cLBS1
999 _c21063
_d21063